[Event "JUG-chT Cetinje"]
[Site "Cetinje"]
[Date "1991.??.??"]
[Round "2"]
[White "Ostojic, Nikola"]
[Black "Levacic, Patrick"]
[Result "0-1"]
[WhiteElo "2350"]
[BlackElo "2230"]

1.d4 Nf6 2.c4 g6 3.Nc3 Bg7 4.e4 d6 5.Be2 O-O 6.Nf3 e5 7.dxe5 dxe5 8.Qxd8 Rxd8
9.Bg5 c6 10.Nxe5 Re8 11.O-O-O Nxe4 12.Nxe4 Bxe5 13.Nf6+ Bxf6 14.Bxf6 Nd7
15.Rxd7 Bxd7 16.Bf3 Bf5 17.Rd1 Re6 18.Bc3 Rae8 19.g3 Be4 20.Bg4 f5 21.Bh3 Bf3
22.Rd3 Be2 23.Rd4 Re4 24.Rxe4 Rxe4 25.b3 Bf3 26.Bf1 c5 27.Kd2 Re8 28.Bd3 Be4
29.Be2 Rd8+ 30.Kc1 Kf7 31.Bd2 b6 32.h4 Ke6 33.Bg5 Rd7 34.Kb2 a6 35.Kc3 Bc6
36.Be3 Re7 37.Kd2 Kd7 38.a4 Kd6 39.Bf4+ Ke6 40.Be3 Rb7 41.Kc3 Kd6 42.Bf4+ Ke7
43.Be3 a5 44.Kd2 Be4 45.Bf4 Kf6 46.Bh6 Kf7 47.Kc3 Rd7 48.Bf4 Re7 49.Bh6 Re6
50.Bd1 Bg2 51.Bf4 Bc6 52.Kd2 Kg7 53.Be2 Be4 54.Bd1 h6 55.f3 Bb7 56.Be2 Re7
57.Kd3 Kh7 58.Bd2 Rg7 59.f4 Rd7+ 60.Kc3 Be4 61.Bf1 Bb1 62.Be2 Rd6 63.Bf1 Ba2
64.Be3 Rd1 65.Be2 Rb1 66.Kc2 Rxb3 67.Bf2 Rb4 68.Kc3 Bb3  0-1

[Event "JUG-chT Cetinje"]
[Site "Cetinje"]
[Date "1991.??.??"]
[Round "2"]
[White "Tosic, Miroslav"]
[Black "Popovic, Mladen"]
[Result "1-0"]
[WhiteElo "2455"]
[BlackElo "2345"]

1.d4 Nf6 2.c4 g6 3.Nc3 Bg7 4.e4 d6 5.Be2 O-O 6.Nf3 e5 7.dxe5 dxe5 8.Qxd8 Rxd8
9.Bg5 Rf8 10.Nd5 Nxd5 11.cxd5 c6 12.Bc4 cxd5 13.Bxd5 Nc6 14.O-O h6 15.Be3 Ne7
16.Bb3 Bd7 17.Rfd1 Bc6 18.Nd2 a5 19.a4 g5 20.Bc5 Rfe8 21.Nc4 Nc8 22.f3 Bf8
23.Bxf8 Kxf8 24.Ne3 Nb6 25.Rd6 Rad8 26.Rxh6 Rd3 27.Nf5 Kg8 28.Ra3 Red8 29.Rf6 Rd1+
30.Bxd1 Rxd1+ 31.Kf2 Rd2+ 32.Kg3 Nc4 33.Rb3 Nxb2 34.Rd6 Rc2 35.Ne7+ Kg7 36.Nxc6 bxc6
37.Rb7 Nxa4 38.Rdd7 Nc5 39.Rxf7+ Kg6 40.Rg7+ Kh6 41.Rh7+ Kg6 42.Rbg7+ Kf6
43.Ra7 Kg6 44.Rhg7+ Kf6 45.h4 gxh4+ 46.Kxh4 Nd3 47.Rgd7 Nf4 48.Rd6+ Ne6 49.Rh7 Kg6
50.Re7  1-0

[Event "Cetinje (Women)"]
[Site "Cetinje"]
[Date "1991.??.??"]
[Round "3"]
[White "Misanovic, Vesna"]
[Black "Nikolin, Zorica"]
[Result "1-0"]
[WhiteElo "2305"]
[BlackElo "2220"]

1.d4 Nf6 2.c4 g6 3.Nc3 Bg7 4.e4 d6 5.Be2 O-O 6.Nf3 e5 7.d5 Nbd7 8.Bg5 h6
9.Bh4 a5 10.Nd2 Nc5 11.g4 Qe8 12.f3 Nh7 13.Nb3 f5 14.Nxc5 dxc5 15.gxf5 gxf5
16.Qd2 Qh5 17.Be7 Bf6 18.Rg1+ Kh8 19.Bxf8 Qh4+ 20.Kd1 Nxf8 21.Bd3 Bg5 22.Qe2 Ng6
23.exf5 Ne7 24.Rg4 e4 25.Rxh4 exd3 26.Qe5+  1-0

[Event "JUG-chT Cetinje"]
[Site "Cetinje"]
[Date "1991.??.??"]
[Round "4"]
[White "Tosic, Miroslav"]
[Black "Zivanovic, Ivan"]
[Result "1-0"]
[WhiteElo "2455"]
[BlackElo "2315"]

1.d4 Nf6 2.Nf3 g6 3.c4 Bg7 4.Nc3 O-O 5.e4 d6 6.Be2 e5 7.O-O exd4 8.Nxd4 Re8
9.f3 c6 10.Kh1 Nbd7 11.g4 h5 12.g5 Nh7 13.Rg1 Nb6 14.f4 Bg4 15.Bxg4 hxg4
16.Rxg4 Nxc4 17.Qd3 Qd7 18.Rg2 d5 19.e5 c5 20.Nf3 Rad8 21.b3 Nb6 22.Bd2 Nf8
23.Rag1 Qc6 24.Qe2 Nc8 25.h4 Nd6 26.h5 gxh5 27.Nh4 d4 28.Nd1 Ne4 29.Kh2 Rxe5
30.Qxh5 Red5 31.f5 Qd6+ 32.Kh3 Qd7 33.Qg4 Nxd2 34.Rxd2 Be5 35.Nf2 d3 36.Ne4 Rd4  1-0

[Event "JUG-chT Cetinje"]
[Site "Cetinje"]
[Date "1991.??.??"]
[Round "6"]
[White "Dzevlan, Miralem"]
[Black "Zivanovic, Ivan"]
[Result "1/2-1/2"]
[WhiteElo "2405"]
[BlackElo "2315"]

1.d4 Nf6 2.c4 g6 3.Nc3 Bg7 4.e4 d6 5.Nf3 O-O 6.Be2 e5 7.O-O exd4 8.Nxd4 Re8
9.f3 c6 10.Nc2 Na6 11.Kh1 Nc7 12.Bg5 d5 13.cxd5 cxd5 14.Nb4 h6 15.Bxf6 Bxf6
16.Nbxd5 Nxd5 17.Nxd5 Bxb2 18.Rb1 Bg7 19.Bb5 Re5 20.Bc4 Kh7 21.g4 h5 22.Qe2 Qh4
23.gxh5 Rxh5 24.Qf2 Qd8 25.Rg1 Qd6 26.f4 b6 27.Be2 Rh6 28.Bf3 Rb8 29.e5 Qa3
30.Rb3 Qa4 31.Rb4 Qa5 32.Rd4 Bb7 33.Rgd1 Qc5 34.Ne3 Bxf3+ 35.Qxf3 Re8 36.Rc4 Qa3
37.Qf2 Re7 38.Nd5 Re6 39.Rc7 Qa4 40.Qf3 Qxa2 41.Qg2 Qxg2+ 42.Kxg2 g5 43.Rxa7 gxf4
44.Rxf7 Rxe5 45.Nxf4  1/2-1/2

[Event "JUG-chT Cetinje"]
[Site "Cetinje"]
[Date "1991.??.??"]
[Round "6"]
[White "Kozul, Zdenko"]
[Black "Martinovic, Slobodan"]
[Result "0-1"]
[WhiteElo "2580"]
[BlackElo "2430"]

1.d4 Nf6 2.c4 g6 3.Nc3 Bg7 4.e4 d6 5.Nf3 O-O 6.Be2 e5 7.O-O exd4 8.Nxd4 Re8
9.f3 c6 10.Kh1 Na6 11.Nc2 Nc7 12.Bg5 h6 13.Bf4 d5 14.cxd5 cxd5 15.Qd2 g5
16.Bg3 Be6 17.f4 Nxe4 18.Nxe4 dxe4 19.Qxd8 Rexd8 20.f5 Bd7 21.f6 Bf8 22.Bxc7 Rdc8
23.Ne3 Rxc7 24.Bc4 Re8 25.h4 Re5 26.Rac1 Rc6 27.Rcd1 Bc8 28.Rd8 gxh4 29.Rfd1 h3
30.g4 b5 31.Be2 Ba6 32.R1d7 Rxf6 33.Rxa7 Kg7 34.Raa8 Rf2 35.Rxf8 Rxe2 36.Rg8+ Kh7
37.Rh8+ Kg7 38.Rag8+ Kf6 39.Rxh6+ Ke7 40.Nf5+ Rxf5 41.gxf5 Bb7 42.Rb8 Bd5
43.Rxb5 Rd2 44.Rxh3 Kf6 45.Kg1 Bxa2 46.b3 Kg5 47.f6+ Kg4 48.Rh7 e3 49.Rxf7 Rd1+
50.Kg2 Rd2+ 51.Kg1 Rd1+ 52.Kg2 Rd2+ 53.Kf1 Bb1 54.Ke1 Kf3 55.Re7 Rh2 56.Rxe3+ Kxe3
57.Kf1 Be4 58.Rg5 Ra2 59.Kg1 Ra1+ 60.Kh2 Kf2  0-1

[Event "JUG-chT Cetinje"]
[Site "Cetinje"]
[Date "1991.??.??"]
[Round "8"]
[White "Rajkovic, Dusan"]
[Black "Todorcevic, Miodrag"]
[Result "1-0"]
[WhiteElo "2495"]
[BlackElo "2480"]

1.d4 g6 2.c4 Bg7 3.Nc3 d6 4.e4 e5 5.Nf3 Nd7 6.Be2 Ngf6 7.O-O O-O 8.Qc2 a6
9.Rd1 Re8 10.d5 Qe7 11.b4 a5 12.Nb5 Nf8 13.c5 axb4 14.cxd6 cxd6 15.Bd2 Bd7
16.Bxb4 Rec8 17.Qb1 Ne8 18.Nd2 Bh6 19.Nc3 Bxd2 20.Rxd2 Nc7 21.Rb2 Be8 22.Nd1 Nd7
23.Ne3 b5 24.Qd1 Nb6 25.Rc1 Na6 26.Rxc8 Rxc8 27.Be1 Na4 28.Rb1 Rc5 29.h3 h5
30.Bxh5 Nc3 31.Bxc3 Rxc3 32.Be2 Nc5 33.Bxb5 Bxb5 34.Rxb5 Nxe4 35.Rb8+ Kh7
36.Rb4 f5 37.Qe1 Qc7 38.Rb1 Ra3 39.Rb2 Rc3 40.Kh2 Qa7 41.Nxf5 gxf5 42.f3 Re3
43.Qh4+ Kg6 44.fxe4 Rxe4 45.Qd8  1-0

[Event "JUG-chT Cetinje"]
[Site "Cetinje"]
[Date "1991.??.??"]
[Round "9"]
[White "Maksimovic, Branimir"]
[Black "Ristic, Nebojsa"]
[Result "1/2-1/2"]
[WhiteElo "2380"]
[BlackElo "2410"]

1.d4 Nf6 2.c4 g6 3.Nc3 Bg7 4.e4 O-O 5.Nf3 d6 6.Be2 e5 7.O-O exd4 8.Nxd4 Re8
9.f3 Nh5 10.g4 Nf6 11.g5 Nfd7 12.Be3 Nc6 13.h4 h5 14.f4  1/2-1/2

[Event "Cheliabinsk-B"]
[Site "Cheliabinsk"]
[Date "1991.??.??"]
[Round "?"]
[White "Yandemirov, Valeri"]
[Black "Temirbaev, Serik"]
[Result "1/2-1/2"]
[WhiteElo "2420"]
[BlackElo "2435"]

1.d4 Nf6 2.c4 g6 3.Nc3 Bg7 4.e4 d6 5.Be2 O-O 6.Nf3 e5 7.dxe5 dxe5 8.Qxd8 Rxd8
9.Bg5 Re8 10.Nd5 Nxd5 11.cxd5 c6 12.Bc4 cxd5 13.Bxd5 Na6 14.O-O-O Nc7 15.Bb3 Be6
16.Bxe6 Nxe6 17.Be3 f5 18.Kb1 f4 19.Bc1 Nc5 20.Rhe1 Rad8 21.Rxd8 Rxd8 22.b3 Bf6
23.Bb2 Nd3 24.Re2 g5 25.h3 Kf7 26.Rd2 Ke6 27.Ba3 a5 28.Kc2 Nb4+ 29.Bxb4 axb4
30.Rxd8 Bxd8 31.Kd3 b5 32.Ne1 h5 33.Ke2 g4 34.hxg4 hxg4 35.Nd3 Be7 36.Kd2 Bd6
37.Kc2 Kf6 38.Kd1 Kg5 39.Ke2 Kh4 40.Kf1 Kg5 41.Ke2 Kh4 42.Ne1 Bc5 43.Nc2 Bd6
44.Kf1 Kg5 45.g3 Bc5 46.Ne1 f3 47.Nd3 Bd6 48.Ke1 Kf6 49.Kd2 Ke6 50.Kc2 Be7  1/2-1/2

[Event "Cheliabinsk-B"]
[Site "Cheliabinsk"]
[Date "1991.??.??"]
[Round "?"]
[White "Shipov, Sergei"]
[Black "Czerwonski, Aleksander"]
[Result "1-0"]
[WhiteElo "2450"]
[BlackElo "2350"]

1.d4 Nf6 2.c4 g6 3.Nc3 Bg7 4.e4 d6 5.Be2 O-O 6.Nf3 e5 7.Be3 Ng4 8.Bg5 f6
9.Bc1 Nc6 10.O-O Nxd4 11.Nxd4 exd4 12.Qxd4 Be6 13.Qd1 Ne5 14.f4 Nc6 15.f5 Bf7
16.b3 Ne5 17.Be3 c6 18.Qd2 Qa5 19.Rac1 Rad8 20.Qd4 a6 21.Qb6 Qxb6 22.Bxb6 Rd7
23.Rcd1 Bh6 24.fxg6 Bxg6 25.g4 Bg5 26.Kg2 h5 27.gxh5 Bh7 28.Kh1 Kh8 29.h3 f5
30.Bd4 Bf6 31.exf5 c5 32.Be3 Nxc4 33.Bxc4 Bxc3 34.Be6 Rdd8 35.Bh6 Bg7 36.Bg5 Bf6
37.h4 Rde8 38.Rxd6 Bd4 39.Kg2 Rxe6 40.fxe6 Be4+ 41.Kh3 Rxf1 42.e7 Kh7 43.e8=Q Rh1+
44.Kg4 Rg1+ 45.Kf4 Rf1+ 46.Kxe4 Re1+ 47.Kd5 Rxe8 48.Rd7+ Kg8 49.Rxb7 Re2
50.a4 Rb2 51.h6 a5 52.Bd8 Rd2 53.Kc6  1-0

[Event "Cheliabinsk-B"]
[Site "Cheliabinsk"]
[Date "1991.??.??"]
[Round "?"]
[White "Temirbaev, Serik"]
[Black "Gleizerov, Evgeny"]
[Result "1/2-1/2"]
[WhiteElo "2435"]
[BlackElo "2510"]

1.d4 Nf6 2.c4 g6 3.Nc3 Bg7 4.e4 d6 5.Nf3 e5 6.Be2 O-O 7.dxe5 dxe5 8.Qxd8 Rxd8
9.Bg5 Nbd7 10.O-O-O Rf8  1/2-1/2

[Event "Cheliabinsk-B"]
[Site "Cheliabinsk"]
[Date "1991.??.??"]
[Round "?"]
[White "Shipov, Sergei"]
[Black "Yuneev, Alexey"]
[Result "1-0"]
[WhiteElo "2450"]
[BlackElo "2400"]

1.d4 Nf6 2.c4 g6 3.Nc3 Bg7 4.e4 d6 5.Be2 O-O 6.Nf3 e5 7.O-O Qe8 8.dxe5 dxe5
9.Be3 Na6 10.Nd2 c6 11.c5 Qe7 12.Bxa6 bxa6 13.Qa4 Rd8 14.h3 Rd3 15.Nc4 Bb7
16.Nd6 a5 17.Qc4 Rxd6 18.cxd6 Qxd6 19.Rfd1 Qe7 20.Qc5 Qe8 21.Qxa5 Nh5 22.Qc7 Ba6
23.Qd7  1-0

[Event "ITA-ch"]
[Site "Chianciano Terme"]
[Date "1991.??.??"]
[Round "?"]
[White "Vezzosi, Paolo"]
[Black "Bellia, Fabrizio"]
[Result "1/2-1/2"]
[WhiteElo "2325"]
[BlackElo "2305"]

1.c4 Nf6 2.Nc3 g6 3.d4 Bg7 4.e4 d6 5.Nf3 O-O 6.Be2 e5 7.Be3 c6 8.dxe5 dxe5
9.Bc5 Re8 10.Qxd8 Rxd8 11.Be7 Re8 12.Bd6 Nfd7 13.O-O-O a5 14.Na4 Na6 15.Nd2 Bf6
16.c5 Be7 17.Bxe7 Rxe7 18.Nc4 Rb8 19.Bg4 Ndxc5 20.Rd8+ Kg7 21.Rxc8 Nxa4 22.Rxb8 Nxb8
23.Nxa5  1/2-1/2

[Event "Chiasso op"]
[Site "Chiasso"]
[Date "1991.??.??"]
[Round "?"]
[White "Illi, Hans Joerg"]
[Black "Weindl, Alfred"]
[Result "1-0"]
[WhiteElo "2275"]
[BlackElo "2360"]

1.d4 Nf6 2.Nf3 g6 3.c4 Bg7 4.Nc3 O-O 5.e4 d6 6.Be2 Nbd7 7.O-O e5 8.d5 Nc5
9.Qc2 a5 10.Bg5 h6 11.Be3 Nfd7 12.Nd2 f5 13.exf5 gxf5 14.f4 Qe7 15.Rae1 exf4
16.Bxf4 Ne5 17.Nb3 b6 18.Nxc5 bxc5 19.a4 Bd7 20.Nb5 Be8 21.Bd3 Bg6 22.Re3 Qf7
23.Bxe5 Bxe5 24.Ref3 Qg7 25.Bxf5 Rxf5 26.Rxf5 Bxb2 27.Qf2 Bxf5 28.Qxf5 Be5
29.g3 Kh8 30.Kg2 Rg8 31.Qh5 Bxg3 32.Kh3 Bf4 33.Qf3 Qd7+ 34.Kh4 Qe7+ 35.Kh3 Qd7+
36.Kh4 Qd8+ 37.Kh3 Qd7+ 38.Kh4 Qf5 39.Qxf4  1-0

[Event "National op"]
[Site "Chicago"]
[Date "1991.??.??"]
[Round "1"]
[White "Madeira, Wagner Martins"]
[Black "Remlinger, Larry"]
[Result "0-1"]
[WhiteElo "2265"]
[BlackElo "2365"]

1.d4 Nf6 2.c4 g6 3.Nc3 Bg7 4.e4 d6 5.Nf3 O-O 6.Be2 e5 7.d5 a5 8.O-O Na6 9.Qc2 Nh5
10.g3 f5 11.Ng5 f4 12.Bxh5 gxh5 13.Ne6 Bxe6 14.dxe6 Qe7 15.gxf4 exf4 16.Qd1 Qxe6
17.Qxh5 Kh8 18.Bd2 c6 19.Kh1 Nc5 20.Rg1 Be5 21.f3 Nd3 22.Rg2 Rg8 23.Rag1 Nxb2
24.Ne2 Nd3 25.Qh4 Rxg2 26.Rxg2 Rf8 27.Rg4  0-1

[Event "Capablanca mem"]
[Site "Cienfuegos"]
[Date "1991.??.??"]
[Round "3"]
[White "Nogueiras, Jesus"]
[Black "Zapata, Alonso"]
[Result "1/2-1/2"]
[WhiteElo "2535"]
[BlackElo "2510"]

1.d4 Nf6 2.Nf3 g6 3.c4 Bg7 4.Nc3 O-O 5.e4 d6 6.Be2 e5 7.O-O Nbd7 8.Be3 Ng4
9.Bg5 f6 10.Bc1 c6 11.h3 Nh6 12.Be3 Nf7 13.Qc2 Bh6 14.Bxh6 Nxh6 15.Rad1 Qe7
16.c5 dxc5 17.d5 f5 18.dxc6 bxc6 19.Qd2 Kg7 20.Qd6 Qxd6 21.Rxd6 Rb8 22.Ng5 Rf6
23.Rfd1 Nb6 24.Rd8 Nf7 25.Nxf7 Rxf7 26.Re8 Rbb7 27.Rxe5 Rbe7 28.Rxc5 fxe4
29.Rxc6 Bb7 30.Rcd6 Rf5 31.R6d4 Rc5 32.Kf1 h5 33.Re1 Rg5 34.g4 hxg4 35.hxg4 Rge5
36.b4 Kh6 37.a4 Bc8 38.a5 Nd7  1/2-1/2

[Event "Capablanca mem-B"]
[Site "Cienfuegos"]
[Date "1991.??.??"]
[Round "7"]
[White "Damaso, Rui"]
[Black "Pecorelli Garcia, Humberto"]
[Result "1-0"]
[WhiteElo "2390"]
[BlackElo "2390"]

1.d4 Nf6 2.Nf3 g6 3.c4 Bg7 4.Nc3 O-O 5.e4 d6 6.Be2 e5 7.d5 a5 8.h3 Nh5 9.Ng1 Nf4
10.Bf3 Na6 11.g3 Nh5 12.Bxh5 gxh5 13.Qxh5 Nc5 14.g4 Nd3+ 15.Ke2 Nf4+ 16.Bxf4 exf4
17.Kf1 a4 18.Rc1 c6 19.Nf3 Qb6 20.Rc2 Qb4 21.Ne2 cxd5 22.Nxf4 Ra5 23.Nxd5 Rxd5
24.exd5 b5 25.cxb5 Qe4 26.Rxc8 Rxc8 27.Kg2 Rb8 28.Qg5 h6 29.Qd2 Qc4 30.b6 Qxa2
31.Qa5 Qxb2 32.Qxa4 Qxb6 33.Rc1 Qd8 34.Rc6 Qf6 35.Qa3 Bf8 36.Qe3 Bg7 37.Rc7 Ra8
38.Rd7 Rc8 39.Qe4 Bf8 40.Rb7 Ra8 41.Kg3 Rc8 42.Rb3 Bg7 43.Nh4 Qa1 44.Kg2 Be5
45.Nf5  1-0

[Event "Capablanca mem"]
[Site "Cienfuegos"]
[Date "1991.??.??"]
[Round "8"]
[White "Arencibia, Walter"]
[Black "Zapata, Alonso"]
[Result "1-0"]
[WhiteElo "2560"]
[BlackElo "2510"]

1.d4 Nf6 2.c4 d6 3.Nf3 g6 4.Nc3 Bg7 5.e4 O-O 6.Be2 e5 7.Be3 Ng4 8.Bg5 f6
9.Bh4 Nc6 10.d5 Ne7 11.Nd2 Nh6 12.f3 f5 13.O-O Nf7 14.b4 Bh6 15.Nb3 Be3+
16.Kh1 g5 17.Be1 fxe4 18.fxe4 g4 19.Bxg4 Nh6 20.Bf3 Ng6 21.Bd2 Bxd2 22.Qxd2 Kg7
23.Rf2 Bd7 24.Raf1 Qe7 25.Kg1 Nf4 26.Ne2 Be8 27.Nxf4 Rxf4 28.g3 Rf8 29.Bg2 Rxf2
30.Qxf2 Bg6 31.h3 Ng8 32.Na5 Nf6 33.Qe3 Qd7 34.Nxb7 c5 35.dxc6 Qxc6 36.Na5 Qb6
37.Qxb6 axb6 38.Nb7 Bxe4 39.Nxd6 Bxg2 40.Kxg2 Rxa2+ 41.Rf2 Ra3 42.Re2 Nd7
43.Re3 Rxe3 44.Nf5+ Kf6 45.Nxe3 e4 46.Kf2 Ke5 47.Nc2 Nf6 48.g4 Kf4 49.Ne3 Ke5
50.Nf5 Kf4 51.Ne7 Nd7 52.Nd5+ Ke5 53.Ke3 b5 54.Nc3 bxc4 55.Nxe4 Nb6 56.Nc3 Nc8
57.b5 Nd6 58.b6 Nb7 59.h4 Kd6 60.g5 Ke5 61.h5 Nd6 62.Ne4 Nf5+ 63.Kd2 c3+
64.Kc1 Ne7 65.b7 Nc6 66.g6 hxg6 67.h6  1-0

[Event "Capablanca mem-B"]
[Site "Cienfuegos"]
[Date "1991.??.??"]
[Round "11"]
[White "Remon, Adelquis"]
[Black "Frolov, Artur"]
[Result "1-0"]
[WhiteElo "2470"]
[BlackElo "2450"]

1.d4 Nf6 2.c4 g6 3.Nc3 Bg7 4.e4 d6 5.Be2 O-O 6.Nf3 e5 7.d5 a5 8.Bg5 h6 9.Bh4 Na6
10.Nd2 Qe8 11.a3 Bd7 12.b3 Nh7 13.Rb1 Nc5 14.f3 h5 15.b4 axb4 16.axb4 Na4
17.Nxa4 Bxa4 18.Qc1 Bd7 19.O-O Bh6 20.c5 f5 21.Qc2 Bxd2 22.Qxd2 f4 23.Rfc1 g5
24.Bf2 g4 25.Bh4 Kh8 26.b5 Rg8 27.b6 gxf3 28.Bxf3 Bg4 29.Kh1 cxb6 30.cxd6 Qd7
31.Bxg4 Qxg4 32.Qf2 Ra3 33.Rg1 Re3 34.Rbe1 Rd3 35.Be7 Ng5 36.Qe2 Qxe2 37.Rxe2 Re3
38.Rxe3 fxe3 39.Re1 Nxe4 40.d7 Nf2+ 41.Kg1  1-0

[Event "Politicen Cup"]
[Site "Copenhagen"]
[Date "1991.??.??"]
[Round "?"]
[White "Andreasen, Per"]
[Black "Fishbein, Alexander"]
[Result "1/2-1/2"]
[WhiteElo "2275"]
[BlackElo "2465"]

1.d4 Nf6 2.Nf3 g6 3.c4 Bg7 4.Nc3 O-O 5.e4 d6 6.Be2 e5 7.dxe5 dxe5 8.Qxd8 Rxd8
9.Bg5 Na6 10.Nd5 Rd6 11.Nxf6+ Bxf6 12.Bxf6 Rxf6 13.Nxe5 Re6 14.Ng4 Rb6 15.O-O-O Bxg4
16.Bxg4 Nc5 17.Rd4  1/2-1/2

[Event "Politicen Cup"]
[Site "Copenhagen"]
[Date "1991.??.??"]
[Round "?"]
[White "Andreasen, Per"]
[Black "Topalov, Veselin"]
[Result "1/2-1/2"]
[WhiteElo "2275"]
[BlackElo "2455"]

1.c4 g6 2.Nc3 Bg7 3.d4 Nf6 4.e4 d6 5.Nf3 O-O 6.Be2 e5 7.dxe5 dxe5 8.Qxd8 Rxd8
9.Bg5 Rf8 10.Nd5 Nxd5 11.cxd5 c6 12.Bc4 cxd5 13.Bxd5 Nc6 14.O-O-O Bd7 15.Kb1 h6
16.Be3 Rfd8 17.Rd2 Bf8 18.Rhd1 Be8 19.Bb3 Rxd2 20.Rxd2 Kg7 21.Ng1 Be7 22.Ne2 Bg5
23.Bxg5 hxg5 24.h3 Kf8 25.Ba4 a6 26.Bxc6 Bxc6 27.Nc3 Rc8 28.f3 Ke7 29.Kc2 f5
30.Kd3 Ke6 31.Ke3 a5 32.a3 Bd7 33.Rd5 b5 34.Rd2 Rc4 35.g4 Bc6 36.gxf5+ gxf5
37.exf5+ Kxf5 38.Rd6 e4 39.fxe4+ Ke5 40.Rg6 Bxe4 41.Rxg5+ Bf5 42.Nxb5 Rh4
43.Nd6 Rxh3+ 44.Ke2 Rh2+ 45.Kd1 Kxd6 46.Rxf5 Rxb2 47.Rxa5 Kc6 48.Kc1 Kb6
49.Kxb2 Kxa5 50.Kb3 Ka6 51.Kb4 Ka7 52.Kb5 Kb8 53.Kb6 Ka8 54.a4 Kb8 55.a5 Ka8
56.a6 Kb8 57.a7+ Ka8  1/2-1/2

[Event "Politicen Cup"]
[Site "Copenhagen"]
[Date "1991.??.??"]
[Round "?"]
[White "Cebalo, Miso"]
[Black "Berg, Klaus"]
[Result "1-0"]
[WhiteElo "2540"]
[BlackElo "2420"]

1.d4 Nf6 2.Nf3 g6 3.c4 Bg7 4.Nc3 O-O 5.e4 d6 6.Be2 e5 7.O-O Na6 8.Be3 c6
9.d5 Ng4 10.Bg5 f6 11.Bh4 Nh6 12.Nd2 Nf7 13.Rb1 c5 14.f3 Bh6 15.Bf2 f5 16.a3 Bg5
17.Qe1 b6 18.b4 h5 19.Bd3 f4 20.Bc2 Bf6 21.Ba4 g5 22.Bc6 Rb8 23.Qd1 g4 24.Qa4 Bh4
25.b5 Bxf2+ 26.Kxf2 Qh4+ 27.Ke2 Qxh2 28.Kd3 Qxg2 29.bxa6 g3 30.Be8 h4 31.Bxf7+ Kxf7
32.Qc6 Bxa6 33.Qc7+ Kg8 34.Qxd6 Rb7 35.Qe6+ Rbf7 36.Qg4+ Rg7 37.Qxh4 Rh7
38.Qg5+ Kf7 39.Rbe1 Rh2 40.Re2 Qxf1 41.Nxf1  1-0

[Event "Politicen Cup"]
[Site "Copenhagen"]
[Date "1991.??.??"]
[Round "?"]
[White "Fries Nielsen, Jens Ove"]
[Black "Fishbein, Alexander"]
[Result "1/2-1/2"]
[WhiteElo "2415"]
[BlackElo "2465"]

1.Nf3 Nf6 2.d4 g6 3.c4 Bg7 4.Nc3 O-O 5.e4 d6 6.Be2 e5 7.dxe5 dxe5 8.Qxd8 Rxd8
9.Bg5 Na6 10.Nd5 Rd6 11.Bxf6 Bxf6 12.b4 c6 13.Nxf6+ Rxf6 14.a3 Bg4 15.Rd1 Nc7
16.Nxe5 Bxe2 17.Kxe2 Re6 18.f4 f6 19.Rd7 fxe5 20.f5 gxf5 21.exf5 Rf6 22.Rxc7 Rxf5
23.Rxb7 a5 24.b5 cxb5 25.cxb5 Rc8 26.Rd1 Rc2+ 27.Ke3 Rxg2 28.Rd8+ Rf8 29.Rxf8+ Kxf8
30.Ra7 Ke8 31.Rxa5 Rxh2 32.Ra7 Rb2 33.a4 Rb4 34.Kd3 e4+ 35.Ke3 h5 36.Ra6 Kd7
37.b6 Kc8 38.a5 Kb8 39.Ra7 h4 40.Rh7 Rb5  1/2-1/2

[Event "Copenhagen op"]
[Site "Copenhagen"]
[Date "1991.??.??"]
[Round "4"]
[White "Renman, Nils Gustaf"]
[Black "From, Sigfred"]
[Result "1-0"]
[WhiteElo "2395"]
[BlackElo "2275"]

1.Nf3 Nf6 2.c4 g6 3.d4 Bg7 4.Nc3 d6 5.e4 O-O 6.Be2 e5 7.Be3 Ng4 8.Bg5 f6
9.Bh4 c6 10.O-O Qe7 11.h3 Nh6 12.Qc2 g5 13.Bg3 g4 14.hxg4 Bxg4 15.dxe5 fxe5
16.Rad1 Na6 17.Qd2 Nf7 18.Bh4 Bf6 19.Bxf6 Qxf6 20.Nh2 Bxe2 21.Nxe2 Nc5 22.Ng3 Qf4
23.Qe2 Rad8 24.Ng4 Ng5 25.Nh5 Nh3+ 26.gxh3 Qg5 27.Kh1 Kh8 28.Nh2 Qh4 29.Qg4 Qxg4
30.Nxg4 Nxe4 31.Kg2 Nc5 32.Rfe1 a5 33.Re3 Rd7 34.Ngf6 Rdd8 35.f4 e4 36.Nxe4 Nxe4
37.Rxe4 Rf7 38.Rxd6 Rg7+ 39.Nxg7 Rxd6 40.Nf5 Rd2+ 41.Kf3  1-0

[Event "Copenhagen op"]
[Site "Copenhagen"]
[Date "1991.??.??"]
[Round "4"]
[White "Bang, Andreas"]
[Black "Nilsson, Nils Specht"]
[Result "1/2-1/2"]
[WhiteElo "2340"]
[BlackElo "2230"]

1.Nf3 Nf6 2.c4 d6 3.Nc3 g6 4.d4 Bg7 5.e4 O-O 6.Be2 Nbd7 7.O-O e5 8.Qc2 exd4
9.Nxd4 a5 10.Be3 Nc5 11.Rad1 Ng4 12.Bxg4 Bxg4 13.f3 Bd7 14.Rd2 b6 15.Rfd1 Ne6
16.Nde2 f5 17.exf5 Rxf5 18.Nd5 Bc6 19.Ng3 Rf7 20.Ne4 Bxd5 21.cxd5 Nc5 22.Ng5 Rf5
23.Nh3 Qe7 24.Bf2 Re8 25.Kf1 Re5 26.Ng1 Bh6 27.Re2 Qf7 28.a3 Be3 29.b4 axb4
30.axb4 Bxf2 31.Rxf2 Na6 32.Qc4 Qe7 33.Re2 Rxe2 34.Nxe2 Nb8 35.Nd4 Qh4 36.h3 Re7
37.Qc3 Qf6 38.Nb5 Qxc3 39.Nxc3 Na6 40.Rd4 Kf7 41.Kf2  1/2-1/2

[Event "Copenhagen op"]
[Site "Copenhagen"]
[Date "1991.??.??"]
[Round "4"]
[White "Holmsgaard, Henrik"]
[Black "Norgaard, Jesper"]
[Result "0-1"]
[WhiteElo "2310"]
[BlackElo "2305"]

1.Nf3 Nf6 2.c4 g6 3.Nc3 Bg7 4.e4 d6 5.d4 O-O 6.Be2 e5 7.O-O Nbd7 8.Be3 c6
9.Qc2 Ng4 10.Bg5 f6 11.Bd2 Qe7 12.Rad1 exd4 13.Nxd4 Nge5 14.Bf4 Nc5 15.Qd2 Re8
16.Rfe1 a5 17.Bg3 a4 18.Nc2 Bf8 19.f4 Nf7 20.Bf3 Qc7 21.Ne3 Bg7 22.h4 Qa5
23.Rb1 Qb4 24.Rec1 f5 25.exf5 Bxf5 26.Nxf5 gxf5 27.Bf2 Qxc4 28.Rc2 Ne6 29.Ne2 Qxa2
30.Rd1 Qb3 31.Nc1 Qb5 32.g3 d5 33.Bh5 d4 34.Nd3 Qd5 35.Re1 c5 36.Bxf7+ Kxf7
37.Ne5+ Kg8 38.Qd1 Bf6 39.Qd3 Ng7 40.Rce2 Re6 41.Qb5 Rd8 42.Qxa4 d3 43.Rd2 Bxe5
44.fxe5 c4 45.Qb4 b5 46.b3 Rc8 47.bxc4 bxc4 48.Qc3 f4 49.Rc1 Rec6 50.g4 Qf3
51.Bd4 Ne6 52.Rf1 Qg3+ 53.Rg2 Nxd4  0-1

[Event "Copenhagen op"]
[Site "Copenhagen"]
[Date "1991.??.??"]
[Round "8"]
[White "Bang, Andreas"]
[Black "Soloviov, Sergei"]
[Result "1-0"]
[WhiteElo "2340"]
[BlackElo "2395"]

1.Nf3 Nf6 2.c4 g6 3.Nc3 Bg7 4.e4 d6 5.d4 O-O 6.Be2 e5 7.O-O Na6 8.Re1 Qe8
9.Bf1 Bg4 10.d5 Nh5 11.g3 f5 12.Be2 h6 13.Nd2 Bxe2 14.Qxe2 f4 15.g4 f3 16.Nxf3 Nf4
17.Bxf4 Rxf4 18.h3 Qe7 19.Nh2 Bf6 20.Kg2 Bh4 21.Rf1 Raf8 22.f3 R4f7 23.f4 exf4
24.Nf3 Re8 25.e5 dxe5 26.Ne4 Bf6 27.Rad1 Nc5 28.Nfd2 Nd7 29.b4 b6 30.c5 bxc5
31.d6 cxd6 32.Nc4 Bh4 33.Ncxd6 f3+ 34.Rxf3 Rxf3 35.Qxf3 Rf8 36.Qb3+ Kg7 37.bxc5 Nf6
38.Rf1 h5 39.Nxf6 Bxf6 40.Qd5 hxg4 41.hxg4 Bg5 42.Rb1 Qf6 43.Rb7+ Kh6 44.Nf7+ Rxf7
45.Qxf7 Qc6+ 46.Qf3  1-0

[Event "Copenhagen op"]
[Site "Copenhagen"]
[Date "1991.??.??"]
[Round "8"]
[White "Piskov, Yury"]
[Black "Stefansson, Hannes"]
[Result "1-0"]
[WhiteElo "2440"]
[BlackElo "2450"]

1.d4 Nf6 2.Nf3 g6 3.c4 Bg7 4.Nc3 O-O 5.e4 d6 6.Be2 e5 7.d5 a5 8.Bg5 h6 9.Bh4 Na6
10.Nd2 Qe8 11.O-O Nh7 12.a3 Bd7 13.Nb5 Bf6 14.Bxf6 Nxf6 15.b4 Qe7 16.Qb3 axb4
17.axb4 c5 18.dxc6 bxc6 19.Nc3 Nc7 20.b5 Ne6 21.b6 Nc5 22.Qb4 Be6 23.Nb3 Nxb3
24.Qxb3 Rab8 25.Rfb1 Rb7 26.Qa4 Rfb8 27.Qb4 Nd7 28.Ra7 c5 29.Qa5 Qd8 30.Rxb7 Rxb7
31.Na4 Qb8 32.h3 Nf8 33.Nc3 Bd7 34.Bd1 Bc6 35.Ba4 Bxa4 36.Nxa4 Nd7 37.Qb5 Qc8
38.Rd1 Qb8 39.Qc6 Nxb6 40.Rb1  1-0

[Event "Copenhagen op"]
[Site "Copenhagen"]
[Date "1991.??.??"]
[Round "9"]
[White "Sandstrom, Ludvig"]
[Black "Berg, Klaus"]
[Result "1/2-1/2"]
[WhiteElo "2225"]
[BlackElo "2420"]

1.d4 Nf6 2.c4 g6 3.Nc3 Bg7 4.e4 d6 5.Be2 O-O 6.Nf3 e5 7.O-O Na6 8.Be3 c6
9.d5 Ne8 10.dxc6 bxc6 11.c5 f5 12.cxd6 f4 13.Bc1 Qxd6 14.Qxd6 Nxd6 15.Rd1 Rd8
16.b3 Nb4 17.Ba3 a5 18.Rd2 Kf8 19.Na4 Ke7 20.Rad1 Bg4 21.Nc5 Bf6 22.h3 Bh5
23.Bc1 Nb5 24.a3 Nc3 25.Rd7+ Ke8 26.Bc4 Nbd5 27.Rxd8+ Rxd8 28.Rd2 Bxf3 29.gxf3 Nb6
30.Rxd8+ Bxd8 31.Bb2 Nxc4 32.bxc4 Nb1 33.Nd3  1/2-1/2

[Event "CZE-ch"]
[Site "CSR"]
[Date "1991.??.??"]
[Round "6"]
[White "Roj, Miroslav"]
[Black "Michalek, Jan"]
[Result "1/2-1/2"]
[WhiteElo "2200"]
[BlackElo "2320"]

1.d4 Nf6 2.c4 g6 3.Nc3 Bg7 4.e4 d6 5.Nf3 O-O 6.Be2 e5 7.dxe5 dxe5 8.Qxd8 Rxd8
9.Bg5 c6 10.Nxe5 Re8 11.O-O-O Na6 12.Rd6 Be6 13.Nf3 h6 14.Bh4 g5 15.Bg3 Nc5
16.Nd2 Rac8 17.h4 Nfd7 18.hxg5 hxg5 19.f4 gxf4 20.Bxf4 Bf8  1/2-1/2

[Event "DEN-ch"]
[Site "DEN"]
[Date "1991.??.??"]
[Round "3"]
[White "Larsen, Bent"]
[Black "Schandorff, Lars"]
[Result "0-1"]
[WhiteElo "2560"]
[BlackElo "2425"]

1.Nf3 Nf6 2.c4 g6 3.Nc3 Bg7 4.e4 d6 5.d4 O-O 6.Be2 e5 7.O-O Na6 8.d5 Nc5
9.Bg5 a5 10.Nd2 Bd7 11.b3 h6 12.Be3 Qc8 13.a3 Ng4 14.Bxg4 Bxg4 15.Qc2 f5
16.f3 Bh5 17.b4 Na6 18.Qb3 f4 19.Bf2 g5 20.b5 Nc5 21.Bxc5 dxc5 22.b6 Rf6
23.bxc7 Qxc7 24.Rab1 b6 25.d6 Qd7 26.Qb5 Qxb5 27.Rxb5 Rxd6 28.Nd5 Be8 29.Rxb6 Rxb6
30.Nxb6 Rb8 31.Rb1 Bf6 32.Nd5 Rxb1+ 33.Nxb1 Bd8 34.Nbc3 Kf7 35.Kf2 Ke6 36.Ke2 Kd6
37.Nd1 h5 38.Nf2 Bd7 39.Kd3 Bc8 40.Nc3 Bd7 41.Ne2 g4 42.fxg4 hxg4 43.g3 Bg5
44.Nc3 Bh6 45.Nd5 fxg3 46.hxg3 Bc1 47.Nf6 Bc6 48.N2xg4 Bxa3 49.Ne3 Bc1 50.Nd1 Ba4
51.Nc3 Bb3 52.Nb5+ Ke6 53.Kc3 Bd1 54.Nd5 a4 55.Ndc7+ Kf6 56.Nd5+ Ke6 57.Ndc7+ Kf6
58.Nd5+ Kf7 59.Kd3 a3 60.Ndc3 Bb3 61.Nd6+ Ke7 62.Nb7 a2 63.Nxa2 Bxa2 64.Nxc5 Bb1+
65.Ke2 Ba3 66.Nd3 Bxd3+ 67.Kxd3 Kd6 68.g4 Bc1 69.Kc2 Bg5 70.Kb3 Kc5 71.Kc3 Be7  0-1